A complete guide to Canaris

Bibliographic Details
Main Author: David, Al
Format: Book
Published: New Jersey : T.F.H. Publications , 1987
Subjects:

MARC

LEADER 00000cam a2200000 7i4500
001 0000004714
002 000005083
005 20000330.0
020 |a 0866222588 
090 0 0 |a 636.6862   |b DAV 
100 1 |a David, Al 
245 1 2 |a A complete guide to Canaris   |c Al David 
260 |a New Jersey :   |b T.F.H. Publications ,   |c 1987 
300 |a 125p. ;   |c 20cm. 
650 0 0 |a Birds 
999 |a 019521   |b BUKU   |c PINJAMAN   |e PERPUSTAKAAN KOMUNITI PETALING JAYA 
999 |a 037539   |b BUKU   |c PINJAMAN   |e PERPUSTAKAAN KOMUNITI PETALING JAYA